000 00220 a2200097 4500
001 18030
100 _aSanger, J
245 _aMathematics for Engineering students
260 _a
_bEdward Arnold
_c
090 _c13334
_d13334
942 _aNUST-CAE
_cM
_c3708
999 _c253103
_d253103